| 000 | 01783nam a2200337 4500 | ||
|---|---|---|---|
| 020 | _a0727912623 | ||
| 040 | _cPAK - NSHS NUST | ||
| 082 | 0 |
_a617.7 _bKHA |
|
| 100 | 1 |
_aKhaw, Peng Tee _9133418 |
|
| 245 | 0 |
_aABC of eyes / _cPeng Tee Khaw. |
|
| 250 | _a3rd Edition. | ||
| 260 | 3 |
_aLondon: _bBMJ Books, _c1991. |
|
| 300 |
_a61 pages; _billustrations: _c29.5 cm. |
||
| 440 |
_aABC of eyes / _9133419 |
||
| 500 | _aDC010226 | ||
| 520 | _aABC of Eyes is a practical and concise guide to common eye conditions, designed primarily for general practitioners, medical students, and primary care providers. It presents clear explanations of eye anatomy, examination techniques, and the recognition and management of frequently encountered disorders such as conjunctivitis, cataract, glaucoma, age-related macular degeneration, and diabetic retinopathy. The book emphasizes early diagnosis, appropriate referral, and basic treatment principles, using illustrations and clinical photographs to support learning. Its straightforward, case-based approach makes it a useful resource for improving confidence in assessing eye complaints in everyday clinical practice. | ||
| 546 | _aIn english. | ||
| 600 |
_aKhaw, Peng Tee _9133418 |
||
| 650 |
_aEye _vDiseases. _9133921 |
||
| 650 |
_aOphthalmology. _vExamination. _9133922 |
||
| 650 |
_aEye _9133900 |
||
| 650 |
_aEye - - _vDiseases. _xDiagnosis. _9133923 |
||
| 650 |
_aEye _vDiseases. _9133924 |
||
| 650 |
_aEye Diseases _xdiagnosis. _9126547 |
||
| 650 |
_aEye _vDiseases _xTherapy. _9133925 |
||
| 650 |
_aOphthalmology _vHandbooks, _xmanuals, etc. _9133926 |
||
| 650 |
_aEye - _vDiseases _xTreatment. _9133927 |
||
| 700 | 1 |
_aElkigton, A R _9133928 |
|
| 942 |
_2ddc _cBK |
||
| 999 |
_c616371 _d616371 |
||